First english book
Salvato in:
| Autore principale: | |
|---|---|
| Natura: | Libro |
| Lingua: | inglese |
| Pubblicazione: |
Santiago
Minerva
1919
|
| Soggetti: | |
| Tags: |
Aggiungi Tag
Nessun Tag, puoi essere il primo ad aggiungerne!!
|
MARC
| LEADER | 00000nam a2200000 a 4500 | ||
|---|---|---|---|
| 001 | UCZ8678 | ||
| 003 | CL-VaPUC | ||
| 008 | 960125e19190000CL |||||||||||||||||eng|d | ||
| 082 | 0 | 4 | |a 372.65 |b RAM |2 21 |
| 100 | 0 | |a Ramírez, Raúl |e author |9 354056 | |
| 245 | 1 | 0 | |a First english book |
| 300 | |a 94 p | ||
| 942 | |c BK | ||
| 945 | |d 19960125 00:00:00 |a cmena | ||
| 260 | |a Santiago |b Minerva |c 1919 | ||
| 650 | 0 | |a Inglés |9 260023 | |
| 650 | 7 | |a LENGUAS GERMANICAS |2 CL-VaPUC |9 354027 | |
| 650 | 0 | |a Educación lingüística |9 306506 | |
| 650 | 0 | |a Libros de texto |9 270019 | |
| 650 | 0 | |a Métodos de enseñanza |9 270413 | |
| 583 | |a last modification |c 19960125 00:00:00 |k Rodrigo Vera | ||
| 999 | |c 244529 |d 244527 | ||